Connections - Statistics

General Stats
  • This quiz has been taken 52 times
  • The average score is 3 of 6
Answer Stats
Hint Answer % Correct
Lassie, Beethoven, Toto, Goofy Fictional Dogs
81%
eye, hard, cane, cotton _____ candy (candy cane, eye candy, hard candy, cotton candy)
79%
erg, bike, eliptical, leg press Gym equipment
43%
St. Brigid's Cross, Claddagh Ring, Connemara Pony, the Awen Traditional irish symbols
24%
Pare, bare, fare, ware homophones with "__air" or "__ear"
17%
fearless, red, midnights, reputation Taylor swift eras
17%
No matching quizzes found
Score Distribution
Percent of People with Each Score
Percentile by Number Answered
Your Score History
You have not taken this quiz